Unidad y variedad de la especie humana.

Bibliographic Details
Main Author: Comas, Juan, 1900-1979
Format: Book
Language:Spanish
Published: Mexico] : U[niversidad] N[acional] A[utonoma de] M[exico] Direccion General de Difusion Cultural, [1967]
Edition:[1. ed.
Series:Lecturas universitarias.
Subjects:

MARC

Tag First Indicator Second Indicator Subfields
LEADER 00000cam a2200000 4500
001 in00000047044
005 20151007065410.0
008 751024s1967 mx b 00000 spa
010 |a  68084386  
035 |a (OCoLC)01732425 
035 |9 AAE1913AM 
040 |a DLC  |c SYB  |d TXA  |d UtOrBLW 
049 |a TXAM  |c [477711] 
050 0 0 |a GN335  |b .C65 
082 0 |a 572 
092 |a 572  |b C728u 
100 1 |a Comas, Juan,  |d 1900-1979. 
245 1 0 |a Unidad y variedad de la especie humana. 
250 |a [1. ed. 
264 1 |a Mexico] :  |b U[niversidad] N[acional] A[utonoma de] M[exico] Direccion General de Difusion Cultural,  |c [1967] 
300 |a 145 pages :  |b illustrations ;  |c 19 cm. 
336 |a text  |b txt  |2 rdacontent 
337 |a unmediated  |b n  |2 rdamedia 
338 |a volume  |b nc  |2 rdacarrier 
490 1 |a Lecturas universitarias 
504 |a Bibliography: page 145. 
650 0 |a Human beings  |x Origin. 
830 0 |a Lecturas universitarias. 
999 |a MARS 
999 f f |s df744b4a-ac73-3b91-a3fb-67b6755823bd  |i d3ac6e3e-22c5-392a-9605-70fa585523c4  |t 0 
952 f f |p ric  |a Texas A&M University  |b Rellis Campus  |c Joint Library Facility  |d Remote Storage  |t 0  |e GN335 .C65  |h Library of Congress classification  |i unmediated -- volume  |m A14800967144 
998 f f |a GN335 .C65  |t 0  |l Remote Storage